Para conocer la Constitucin̤ de 1993

Bibliographic Details
Main Author: Rubio Correa, Marcial
Format: eBook
Language:Spanish
Published: Lima : Pontificia Universidad Catolica del Peru, 2010
Subjects:
Online Access:Acceso restringido

MARC

LEADER 00000nam a22000007a 4500
005 20120807125733.0
007 cr|||| ||||
008 120807s2010 pe |||||s|||| 00||0 spa d
020 |a 978-9972-42-847-0 
035 |a 6574 
040 |a vLex 
090 |c 3340  |d 3340 
100 1 |a Rubio Correa, Marcial 
245 1 0 |a Para conocer la Constitucin̤ de 1993  |h [Recurso electrn̤ico] /  |c Marcial Rubio Correa  
256 |a Servicio en ln̕ea 
260 |a Lima :  |b Pontificia Universidad Catolica del Peru,  |c 2010 
300 |a 1 recurso electrn̤ico 
506 1 |a Contenido disponible en los productos indicados  |d vLex Global   |d vLex Global (Academic Edition, excluding Law Schools)   |d vLex Global (U.S. Academic Edition, Law Schools)   |d vLex Global (U.S. Academic Edition, excluding Law Schools)   |d vLex Global (Academic Edition, Law Schools)  
650 0 4 |a Derecho cosntitucional  |z Per︢ 
740 0 |a vLex Libros (Servicio en ln̕ea) 
856 4 0 |u http://vlex.com/source/conocer-constitucion-1993-6574  |z Acceso restringido 
942 |c BOOK 
999 |a Constitutional law